000 00842cam a2200301 i 4500
001 0000456
003 DO-SdBNP
005 20240228105758.0
007 0000456
008 100514s 2010 pe|| 000 f spa
015 _a
017 _a
_b
020 _a9786124063480
035 _a
040 _aBPMSU
_bspa
_cBPMSU
_e
080 _a
082 4 _a861.12
_bC229m 2010
_222
100 1 _aJara Morales, Gerson
245 1 0 _aCantar de Mio Cid /
_canónimo; adaptación e ilustrasión Gerson Jara Morales
260 _aLima, Perú :
_bEditorial Educativa,
_c2010
300 _a92 p.:
_c20 cm
490 0 _aPlan lector
590 _aInventariado, 2024/VM
630 4 _aCantar de Mio Cid
_xCrítica e interpretación.
650 4 _aPoesías épicas españolas
910 _aVMateo V. Control de calidad.BPMSU
942 _2ddc
_cBK
999 _c10616
_d10616